000 01380nam a2200349 4500
003 EC-UNACH
005 20251017142058.0
006 s||||gr|||| 00| 00
008 150116t9999 mx r gr 000 0 spa d
020 _a 978-9942-03-860-9
040 _aEC-UNACH
_cEC-UNACH
041 _aspa
082 0 4 _223
_a986.6
_bL003769
110 _aUniversidad Central del Ecuador
245 _a30S : "fuego a discreción"
250 _aPrimera edición
264 _aQuito - Ecuador
_bUniversidad Central del Ecuador
_c2011
300 _a254 páginas
_c21.5 x 15 cm
505 _aPrólogo. -- El 30 s y la democracia realmente existente. -- 30 es el número es más grande que el ataúd. -- El Golpe de Estado del Cabo Cotonete. -- La CIA ya es de todos. -- Golpe de estado mediático en Ecuador. -- Alianza país: Réquiem por un sueño. -- A propósito de la revuelta de los uniformados. -- 30S: el acontecimiento. -- Demanda ante la Corte Penal Internacional.
650 _aGOLPE DE ESTADO
650 _aRAFAEL CORREA
650 _aPACTO INFERNAL
650 _aREVUELTA DE UNIFORMADOS
650 _aECUADOR
700 _aSierra,Natalia
700 _aVillavicencio, Fernando
700 _aJiménez, Cléver
942 _c1
_2ddc
999 _c14033